| 000 | 01011nac a22002651u 4500 | ||
|---|---|---|---|
| 010 | _a2002041061 | ||
| 020 | _a0070596242 | ||
| 020 | _a0070596242 | ||
| 082 | 0 | 0 |
_a332 _bS2571 |
| 090 |
_c1186 _d1186 |
||
| 100 | _aSaunders, Anthony, | ||
| 245 | 1 | 0 |
_aFinancial markets and institutions : _ba modern perspective / _cAnthony Saunders, Marcia Millon Cornett. |
| 250 | _a2nd ed. | ||
| 260 |
_aNew Delhi : _bTata McGraw-Hill Pub. Co., _cc2004. |
||
| 300 |
_axxii, 680 p. : _bill. ; _c28 cm. |
||
| 504 | _aIncludes bibliographical references (p. 669-670) and index. | ||
| 650 | 0 |
_aSecurities _zUnited States. |
|
| 650 | 0 |
_aStock exchanges _zUnited States. |
|
| 650 | 0 |
_aFinancial institutions _zUnited States. |
|
| 650 | 0 |
_aRate of return _zUnited States. |
|
| 650 | 0 |
_aInterest rates _zUnited States. |
|
| 700 | 1 | _aCornett, Marcia Millon. | |
| 942 |
_cBB _k332S2571 |
||
| 999 |
_c1186 _d1186 |
||